000 00695nam a22002177a 4500
003 OSt
005 20240614060808.0
006 a
008 240614b |||||||| |||| 00| 0 eng d
020 _a9781412965644
040 _aDWCL-Main lib.
_cOC
082 _aCirc. 372.65 R647n 2009
100 _aRoberts, Theresa A.
245 _aNo limits to literacy for preschool English learners /
260 _aCalifornia :
_bCorwin Press,
_cc2009.
300 _ax,
_b253 p. ;
_c26 cm.
504 _aIncludes bibliographical references & index.
650 _a1. English language–Study and teaching (Preschool)–Foreign speakers.
700 _aTheresa A Roberts
942 _2ddc
_cBK-CIRC
_n0
_kCirc.
999 _c704
_d704